|
|
|
|
| LEADER |
00000cam a22000004a 4500 |
| 001 |
musev2_52855 |
| 003 |
MdBmJHUP |
| 005 |
20230905045633.0 |
| 006 |
m o d |
| 007 |
cr||||||||nn|n |
| 008 |
000808s1985 nvu o 00 0 eng d |
| 020 |
|
|
|a 9780874173765
|
| 020 |
|
|
|z 9780874170801
|
| 020 |
|
|
|z 9780874170795
|
| 035 |
|
|
|a (OCoLC)44957570
|
| 040 |
|
|
|a MdBmJHUP
|c MdBmJHUP
|
| 100 |
1 |
|
|a Ryser, Fred A.,
|c Jr.,
|d 1920-2011.
|
| 245 |
1 |
0 |
|a Birds of the Great Basin :
|b A Natural History /
|c Fred A. Ryser, Jr. ; drawings by Jennifer Dewey.
|
| 264 |
|
1 |
|a Reno, Nev. :
|b University of Nevada Press,
|c 1985.
|
| 264 |
|
3 |
|a Baltimore, Md. :
|b Project MUSE,
|c 2018
|
| 264 |
|
4 |
|c ©1985.
|
| 300 |
|
|
|a 1 online resource (620 pages):
|b illustrations (some color).
|
| 336 |
|
|
|a text
|b txt
|2 rdacontent
|
| 337 |
|
|
|a computer
|b c
|2 rdamedia
|
| 338 |
|
|
|a online resource
|b cr
|2 rdacarrier
|
| 490 |
0 |
|
|a Max C. Fleischmann series in Great Basin natural history
|
| 505 |
0 |
|
|a Cover Page; Title Page; Copyright Page; Table of Contents; Acknowledgments; 1. The Great Basin: Birds and Environments; 2. The Fire of Life; 3. The Water of Life; 4. The Diversity of Birds; 5. Divers; 6. Specialized Fishermen: Pouch Users and Plungers; 7. Marshbirds; 8. Waterfowl; 9. Shoreline Birds; 10. Diurnal Birds of Prey; 11. Nocturnal Birds of Prey; 12. Upland Game Birds; 13. Cuckoos; 14. Hibernators; 15. Woodpeckers; 16. Perching Birds; Appendix: Birding in the Great Basin; Literature Cited; Index
|
| 588 |
|
|
|a Description based on print version record.
|
| 650 |
|
7 |
|a Birds.
|2 fast
|0 (OCoLC)fst00832970
|
| 650 |
|
7 |
|a NATURE
|x Animals
|x Birds.
|2 bisacsh
|
| 650 |
|
7 |
|a NATURE
|x Birdwatching Guides.
|2 bisacsh
|
| 650 |
|
7 |
|a SCIENCE
|x Life Sciences
|x Zoology
|x Ornithology.
|2 bisacsh
|
| 650 |
|
6 |
|a Oiseaux
|z Grand Bassin.
|
| 650 |
|
0 |
|a Birds
|z Great Basin.
|
| 651 |
|
7 |
|a United States
|z Great Basin.
|2 fast
|0 (OCoLC)fst01240539
|
| 655 |
|
7 |
|a Electronic books.
|2 local
|
| 700 |
1 |
|
|a Dewey, Jennifer.
|
| 710 |
2 |
|
|a Project Muse.
|e distributor
|
| 830 |
|
0 |
|a Book collections on Project MUSE.
|
| 856 |
4 |
0 |
|z Texto completo
|u https://projectmuse.uam.elogim.com/book/52855/
|
| 945 |
|
|
|a Project MUSE - Custom Collection
|
| 945 |
|
|
|a Project MUSE - Archive Complete Supplement VI
|
| 945 |
|
|
|a Project MUSE - Archive Ecology and Evolution Supplement V
|